[Event "18th Croatian Team Championship"]
[Site "Sibenik/Croatia"]
[Date "2009.09.28"]
[EventDate "2009.??.??"]
[Round "8"]
[Result "1-0"]
[White "Pavel Eljanov"]
[Black "Arkadij Naiditsch"]
[WhiteElo "2717"]
[BlackElo "2685"]
[PlyCount "115"]

1. d4 Nf6 2. c4 e6 3. Nf3 d5 4. g3 dxc4 5. Bg2 Nc6 6. Qa4 Nd7
7. Qxc4 Nb6 8. Qb5 a6 9. Qd3 e5 10. Nxe5 Nb4 11. Qd1 Qxd4
12. Qxd4 Nc2+ 13. Kd1 Nxd4 14. Be3 Nf5 15. Bxb6 cxb6 16. Nd2
Bc5 17. Nd3 Rb8 18. Rc1 Be7 19. e3 O-O 20. Ke2 Bd7 21. Nc4 Bd8
22. Rhd1 Re8 23. b3 Bb5 24. Bh3 Bxc4 25. Bxf5 Bb5 26. a4 Bxd3+
27. Rxd3 g6 28. Bh3 Kf8 29. Bd7 Re7 30. f4 f5 31. Kf3 h5
32. h3 Kf7 33. g4 hxg4+ 34. hxg4 fxg4+ 35. Bxg4 b5 36. axb5
axb5 37. e4 Bb6 38. e5 Rh8 39. Rd6 Ba7 40. Rd7 Bb6 41. Rcd1
Rhe8 42. R7d5 Rc7 43. Rxb5 Rc3+ 44. Kg2 Rc2+ 45. Kg3 Bf2+
46. Kf3 Re7 47. Rh1 Kg7 48. Rh2 Rc5 49. Rxc5 Bxc5 50. Rg2 Kh6
51. Ke4 b6 52. Bd1 Ra7 53. Bc2 Ra1 54. b4 Bxb4 55. Kd5 Ra5+
56. Ke6 g5 57. Rh2+ Kg7 58. f5 1-0

[Event "17th European Team Championship"]
[Site "Novi Sad SRB"]
[Date "2009.10.23"]
[EventDate "2009.10.22"]
[Round "2"]
[Result "1-0"]
[White "Arkadij Naiditsch"]
[Black "Emir Dizdarevic"]
[WhiteElo "2685"]
[BlackElo "2483"]
[PlyCount "78"]

1. e4 e6 2. d4 d5 3. Nc3 Bb4 4. e5 Ne7 5. a3 Bxc3+ 6. bxc3 c5
7. h4 Qc7 8. Bd2 b6 9. h5 h6 10. Qg4 Kf8 11. Rh3 Ba6 12. Rf3
Qc6 13. Ne2 Kg8 14. Qf4 Qe8 15. g4 Nd7 16. Bh3 Rc8 17. Rc1
Bxe2 18. Kxe2 cxd4 19. cxd4 Rc4 20. c3 Nc6 21. Qg3 Qc8 22. g5
hxg5 23. Qxg5 Qd8 24. Qg3 Qe7 25. Rg1 Rh7 26. Rf4 Ncxe5
27. dxe5 Nxe5 28. Rd4 Qc7 29. Kd1 Nd7 30. Qxc7 Rxc7 31. h6 Rc5
32. Rdg4 g6 33. Bf1 Nf6 34. Ra4 Rc7 35. Bd3 Nd7 36. Bc2 Rh8
37. Bxg6 fxg6 38. Rxg6+ Kf7 39. Rg7+ Kf6 1-0

[Event "17th European Team Championship"]
[Site "Novi Sad SRB"]
[Date "2009.10.25"]
[EventDate "2009.10.22"]
[Round "4"]
[Result "0-1"]
[White "Arkadij Naiditsch"]
[Black "Ioannis Papaioannou"]
[WhiteElo "2685"]
[BlackElo "2628"]
[PlyCount "88"]

1. e4 d5 2. exd5 Qxd5 3. Nc3 Qa5 4. d4 Nf6 5. Nf3 Bf5 6. Bc4
e6 7. Bd2 Bb4 8. O-O Nc6 9. a3 Bxc3 10. Bxc3 Qb6 11. Qe1 O-O
12. b4 Be4 13. Ng5 Bf5 14. Nf3 Be4 15. Nd2 Bxc2 16. Be2 a6
17. Nc4 Qa7 18. Qc1 Bg6 19. Rd1 Rad8 20. Ne3 Rd6 21. Bf3 Be4
22. Bxe4 Nxe4 23. Bb2 Rfd8 24. h4 h6 25. Ng4 f5 26. Qe3 Nxd4
27. Ne5 Nf3+ 28. Qxf3 Rxd1+ 29. Rxd1 Rxd1+ 30. Qxd1 Qxf2+
31. Kh2 Qxh4+ 32. Kg1 Qf2+ 33. Kh2 Qxb2 34. Qd8+ Kh7 35. Nd7
h5 36. Qxc7 Qc3 37. Qxb7 Qg3+ 38. Kg1 h4 39. Nf8+ Kh6 40. Qxa6
Qf2+ 41. Kh1 Ng5 42. Qd6 h3 43. gxh3 Qf1+ 44. Kh2 f4 0-1

[Event "17th European Team Championship"]
[Site "Novi Sad SRB"]
[Date "2009.10.28"]
[EventDate "2009.10.22"]
[Round "7"]
[Result "1-0"]
[White "Arkadij Naiditsch"]
[Black "Fabiano Caruana"]
[WhiteElo "2685"]
[BlackElo "2662"]
[PlyCount "95"]

1. e4 e5 2. Nf3 Nc6 3. Bb5 a6 4. Bxc6 dxc6 5. O-O Bg4 6. h3 h5
7. d3 Qf6 8. Nbd2 Ne7 9. Nc4 Bxf3 10. Qxf3 Qxf3 11. gxf3 Ng6
12. Rd1 Bd6 13. Kf1 c5 14. a4 a5 15. c3 Ke7 16. Be3 Rhd8
17. Nxd6 cxd6 18. d4 b6 19. Ra3 f6 20. Rb3 Rab8 21. Rb5 Nf8
22. dxe5 dxe5 23. Rxd8 Kxd8 24. Bxc5 Kc7 25. Be3 Ne6 26. b4
axb4 27. cxb4 g5 28. Rd5 Nf4 29. Bxf4 gxf4 30. Ke2 Ra8 31. a5
bxa5 32. Rxa5 Rb8 33. Ra6 Rxb4 34. Rxf6 Rb1 35. Re6 Rb5
36. Kf1 Kd7 37. Rh6 Ke7 38. Rxh5 Kf6 39. Kg2 Rb8 40. h4 Rg8+
41. Kh3 Rg1 42. Rh6+ Kf7 43. Ra6 Rf1 44. Kg2 Rb1 45. h5 Rb3
46. h6 Rc3 47. h7 Kg7 48. Ra5 1-0

[Event "17th European Team Championship"]
[Site "Novi Sad SRB"]
[Date "2009.10.29"]
[EventDate "2009.10.22"]
[Round "8"]
[Result "1/2-1/2"]
[White "Lars Bo Hansen"]
[Black "Arkadij Naiditsch"]
[WhiteElo "2574"]
[BlackElo "2685"]
[PlyCount "186"]

1.d4 Nf6 2.Nf3 e6 3.c4 Bb4+ 4.Bd2 c5 5.Bxb4 cxb4 6.g3 O-O
7.Bg2 d6 8.O-O Nc6 9.d5 exd5 10.cxd5 Ne7 11.Qd4 Nexd5 12.e4
Ne7 13.Qxb4 Nc6 14.Qa4 Qb6 15.Nbd2 Be6 16.Nc4 Bxc4 17.Qxc4
Rae8 18.Nh4 Qxb2 19.Rab1 Qd4 20.Qxd4 Nxd4 21.Rxb7 Nxe4 22.Rxa7
d5 23.Bxe4 dxe4 24.Rd1 Rd8 25.Kg2 Nc6 26.Rad7 Rxd7 27.Rxd7 f5
28.Kf1 g6 29.Ng2 Ne5 30.Re7 Nf3 31.h4 Ra8 32.Nf4 Rxa2 33.Ne6
Ra8 34.Rg7+ Kh8 35.Rf7 Ne5 36.Re7 Ng4 37.Rf7 Re8 38.Nf4 Kg8
39.Rc7 Nf6 40.Kg2 Kf8 41.h5 g5 42.Nh3 h6 43.Rc5 Nxh5 44.Rxf5+
Kg7 45.Ra5 Nf6 46.Ra2 Ng4 47.Ng1 Kg6 48.Ne2 Re6 49.Nc3 e3
50.fxe3 Rxe3 51.Ne2 Rd3 52.Ng1 Ne3+ 53.Kf2 Kh5 54.Nf3 Rc3
55.Re2 Nf5 56.Ra2 g4 57.Nh2 Nxg3 58.Ra4 Nf5 59.Nxg4 Rc2+
60.Kf3 Kg5 61.Nxh6 Rc3+ 62.Kf2 Kxh6 63.Rg4 Kh5 64.Rg8 Nd4
65.Rg3 Rc2+ 66. Ke3 Rc3+ 67.Kf2 Rc8 68.Rg1 Re8 69.Re1 Rf8+
70.Kg2 Nf3 71.Re4 Nh4+ 72.Kg1 Ng6 73.Kg2 Nh4+ 74.Kg1 Kg5
75.Ra4 Rf5 76.Rb4 Nf3+ 77.Kf2 Nd4+ 78.Kg2 Rf4 79.Rb8 Re4
80.Rf8 Kg4 81.Rg8+ Kf4 82.Rf8+ Ke3 83.Ra8 Rg4+ 84.Kh3 Rg7
85.Ra4 Nf5 86.Ra3+ Kf4 87.Ra4+ Kf3 88.Ra3+ Ne3 89.Kh4 Rg1
90.Kh5 Kf4 91.Ra4+ Ke5 92.Ra5+ Nd5 93.Kh4 Ke4 1/2-1/2

[Event "17th European Team Championship"]
[Site "Novi Sad SRB"]
[Date "2009.10.30"]
[EventDate "2009.10.22"]
[Round "9"]
[Result "1/2-1/2"]
[White "Arkadij Naiditsch"]
[Black "Andrei Istratescu"]
[WhiteElo "2685"]
[BlackElo "2624"]
[PlyCount "213"]

1. e4 c6 2. d4 d5 3. exd5 cxd5 4. c4 Nf6 5. Nc3 e6 6. Nf3 Be7
7. cxd5 Nxd5 8. Bd3 Nc6 9. O-O O-O 10. a3 Bf6 11. Be3 g6
12. Bh6 Re8 13. Be4 Nde7 14. Be3 Bd7 15. Qb3 Rc8 16. Rad1 Na5
17. Qa2 Nf5 18. Bf4 Qb6 19. Be5 Bg7 20. Bxg7 Kxg7 21. Ne5 Bb5
22. Rfe1 Nd6 23. d5 Nac4 24. Nf3 e5 25. Bd3 Ba6 26. b4 f6
27. Na4 Qb5 28. Nc5 Rxc5 29. bxc5 Qxc5 30. Qa1 Qxa3 31. Qxa3
Nxa3 32. Bxa6 bxa6 33. Rc1 Nac4 34. Re2 Re7 35. g4 Kf7 36. Ra2
e4 37. Nd4 a5 38. Nc6 Rd7 39. Ra4 e3 40. fxe3 Nxe3 41. Rxa5
Nxg4 42. Rxa7 Rxa7 43. Nxa7 Ne3 44. Rc5 h5 45. h3 g5 46. Nb5
Nxb5 47. Rxb5 g4 48. Kf2 Nf5 49. Rb7+ Ke8 50. Rh7 gxh3
51. Rxh5 Ne7 52. Ke3 Kd7 53. Kd4 Kd6 54. Kc4 Nc8 55. Rf5 h2
56. Rxf6+ Ke5 57. Rh6 Nb6+ 58. Kc5 Nxd5 59. Rxh2 Nf4 60. Rh8
Ne6+ 61. Kc4 Nf4 62. Rf8 Ke4 63. Re8+ Kf5 64. Re1 Ng2 65. Re7
Nf4 66. Kc5 Ne6+ 67. Kd6 Nf4 68. Re8 Ng6 69. Re1 Nf4 70. Re5+
Kg4 71. Ra5 Kf3 72. Ke5 Nd3+ 73. Kd4 Nf4 74. Ra3+ Kg4 75. Ke5
Ng6+ 76. Ke4 Kg5 77. Rf3 Ne7 78. Rf1 Ng6 79. Rf5+ Kh6 80. Ra5
Kg7 81. Kf5 Nf8 82. Ra7+ Kg8 83. Re7 Nh7 84. Kg6 Nf8+ 85. Kh6
Kh8 86. Rg7 Ne6 87. Rg1 Nf8 88. Rg2 Nd7 89. Kg6 Kg8 90. Rd2
Nf8+ 91. Kf6 Nh7+ 92. Ke6 Kg7 93. Rg2+ Kh6 94. Rg1 Ng5+
95. Kf5 Nh7 96. Rg6+ Kh5 97. Ra6 Nf8 98. Ra1 Kh6 99. Rb1 Kg7
100. Rb6 Kf7 101. Rb7+ Ke8 102. Ke5 Nd7+ 103. Kd6 Nf8
104. Re7+ Kd8 105. Rf7 Ke8 106. Rf6 Nh7 107. Rf1 1/2-1/2

[Event "TOP 16 GpA"]
[Site "Mulhouse FRA"]
[Date "2009.05.01"]
[EventDate "2009.04.30"]
[Round "5"]
[Result "1-0"]
[White "Arkadij Naiditsch"]
[Black "Radoslaw Wojtaszek"]
[WhiteElo "2700"]
[BlackElo "2630"]
[PlyCount "62"]

1. e4 c5 2. Nf3 d6 3. d4 cxd4 4. Nxd4 Nf6 5. Nc3 a6 6. h3 g6
7. g4 Bg7 8. Bg2 O-O 9. O-O Nc6 10. Be3 Nd7 11. Kh1 Rb8 12. a4
Nc5 13. f4 Bd7 14. f5 b5 15. axb5 Nxd4 16. Bxd4 Bxb5 17. Nxb5
axb5 18. Bxg7 Kxg7 19. Ra7 f6 20. Qd5 Rf7 21. fxg6 hxg6 22. e5
e6 23. Rxf7+ Kxf7 24. Qd4 f5 25. exd6 Nd7 26. Qa7 Rc8 27. c3
Kf8 28. Ra1 fxg4 29. Qe3 Kg7 30. Qxe6 gxh3 31. Bxh3 Nb8 1-0

[Event "TOP 16 GpA"]
[Site "Mulhouse FRA"]
[Date "2009.05.03"]
[EventDate "2009.04.30"]
[Round "7"]
[Result "0-1"]
[White "Dimitri Komarov"]
[Black "Arkadij Naiditsch"]
[WhiteElo "2530"]
[BlackElo "2700"]
[PlyCount "68"]

1. d4 Nf6 2. c4 e6 3. Nf3 d5 4. Nc3 dxc4 5. e4 Bb4 6. Bg5 b5
7. a4 c6 8. e5 h6 9. exf6 hxg5 10. fxg7 Rg8 11. g3 g4 12. Nh4
Rxg7 13. Bg2 Bb7 14. axb5 Qb6 15. O-O cxb5 16. d5 e5 17. Ne4
Nd7 18. Nf5 Rg6 19. d6 Rd8 20. Qe2 Bxe4 21. Qxe4 Bxd6 22. Rad1
Nc5 23. Nxd6+ Rdxd6 24. Qxe5+ Kf8 25. Rd5 Rxd5 26. Bxd5 Rf6
27. Qe2 Nd3 28. Be4 Qd4 29. Bxd3 cxd3 30. Qd2 Rc6 31. Re1 a5
32. h3 gxh3 33. Kh2 Qd5 34. Kxh3 Kg7 0-1

[Event "World Blitz Championship"]
[Site "Moscow RUS"]
[Date "2009.11.16"]
[EventDate "2009.11.16"]
[Round "8"]
[Result "1/2-1/2"]
[White "Arkadij Naiditsch"]
[Black "Alexander Grischuk"]
[WhiteElo "2689"]
[BlackElo "2736"]
[PlyCount "94"]

1. e4 c5 2. Nf3 d6 3. d4 cxd4 4. Nxd4 Nf6 5. Nc3 a6 6. Be3 Ng4
7. Bc1 Nf6 8. h3 Nc6 9. g4 Qb6 10. Nb3 e6 11. Bg2 Be7 12. Be3
Qc7 13. g5 Nd7 14. f4 b5 15. Qd2 Bb7 16. O-O-O Nb6 17. Bxb6
Qxb6 18. h4 b4 19. Ne2 a5 20. Nbd4 a4 21. Kb1 Qc5 22. h5 Nxd4
23. Nxd4 a3 24. b3 Rc8 25. Rh3 O-O 26. g6 Bf6 27. gxf7+ Kxf7
28. Rd3 Rfd8 29. e5 Bxg2 30. exf6 Be4 31. Re3 d5 32. fxg7 Rd7
33. Rg1 Kg8 34. Nxe6 Qxc2+ 35. Qxc2 Rxc2 36. Ka1 Re7 37. Nd4
Rd2 38. Nf5 Re6 39. Rxe4 dxe4 40. Rc1 Rc6 41. Ne7+ Kxg7
42. Nxc6 e3 43. Nxb4 e2 44. Kb1 Rb2+ 45. Ka1 Rd2 46. Kb1 Rb2+
47. Ka1 Rd2 1/2-1/2

[Event "World Blitz Championship"]
[Site "Moscow RUS"]
[Date "2009.11.16"]
[EventDate "2009.11.16"]
[Round "10"]
[Result "0-1"]
[White "Arkadij Naiditsch"]
[Black "Vladislav Tkachiev"]
[WhiteElo "2689"]
[BlackElo "2642"]
[PlyCount "112"]

1. e4 e5 2. Nf3 Nc6 3. Bb5 Bc5 4. O-O Nd4 5. Nxd4 Bxd4 6. c3
Bb6 7. a4 c6 8. Bc4 Nf6 9. d3 h6 10. b4 O-O 11. a5 Bc7 12. Nd2
d5 13. Bb3 Bg4 14. f3 Be6 15. Qe2 Qd7 16. Bb2 Rfe8 17. Rfd1
Rad8 18. c4 Qe7 19. Ba3 dxe4 20. dxe4 c5 21. bxc5 Bxa5 22. Nf1
Bc3 23. Rab1 Bd4+ 24. Kh1 Bxc5 25. Bb2 Bd4 26. Ne3 Qc5 27. Nd5
Bxd5 28. cxd5 Bxb2 29. Qxb2 Qd6 30. Rdc1 Re7 31. Ba4 g6 32. g3
Kg7 33. Kg2 Ng8 34. Rc2 Nf6 35. Rbc1 Ne8 36. Rb1 Qf6 37. Rf1
Nd6 38. Bb3 Red7 39. Re2 Qe7 40. f4 f6 41. h4 Rc8 42. Re3 Rdc7
43. Kh1 Kh7 44. Ref3 exf4 45. Rxf4 Qe5 46. Qe2 Rc1 47. Kg2
Rxf1 48. Qxf1 Rc3 49. Bd1 Nxe4 50. Bf3 Nxg3 51. Rb4 Nf5
52. Rxb7+ Rc7 53. Rxc7+ Qxc7 54. Be4 Qg3+ 55. Kh1 Qxh4+
56. Kg1 Qxe4 0-1

[Event "World Blitz Championship"]
[Site "Moscow RUS"]
[Date "2009.11.16"]
[EventDate "2009.11.16"]
[Round "11"]
[Result "0-1"]
[White "Leinier Dominguez Perez"]
[Black "Arkadij Naiditsch"]
[WhiteElo "2719"]
[BlackElo "2689"]
[PlyCount "94"]

1. e4 e5 2. Nf3 Nc6 3. Bb5 Nf6 4. d3 Bc5 5. c3 O-O 6. O-O d6
7. Nbd2 a6 8. Ba4 b5 9. Bb3 Kh8 10. h3 Bb6 11. Re1 Ne7 12. Nf1
Ng6 13. d4 Qe7 14. Ng3 Nf4 15. Be3 g6 16. Qd2 N6h5 17. Nxh5
Nxh5 18. Bh6 Ng7 19. Rad1 f6 20. Bd5 Rb8 21. Nh2 Be6 22. Bxe6
Qxe6 23. a3 Kg8 24. Ng4 Rbe8 25. Qd3 Kh8 26. Kh1 Rf7 27. f3
Nh5 28. Bc1 Nf4 29. Bxf4 exf4 30. e5 f5 31. Nf6 Rd8 32. d5 Qe7
33. e6 Rxf6 34. b3 g5 35. c4 bxc4 36. Qxc4 Rg8 37. b4 h5
38. a4 Be3 39. Qxa6 g4 40. Qe2 gxh3 41. gxh3 Rg3 42. Kh2 Rf8
43. Qf1 Rfg8 44. Re2 Qh4 45. e7 Qxe7 46. a5 Qh4 47. a6 Bg1+
0-1

[Event "World Blitz Championship"]
[Site "Moscow RUS"]
[Date "2009.11.16"]
[EventDate "2009.11.16"]
[Round "12"]
[Result "0-1"]
[White "Arkadij Naiditsch"]
[Black "Sergey Karjakin"]
[WhiteElo "2689"]
[BlackElo "2723"]
[PlyCount "88"]

1. e4 e5 2. Nf3 Nc6 3. Bb5 Nf6 4. O-O Nxe4 5. d4 Nd6 6. Bxc6
dxc6 7. dxe5 Nf5 8. Qxd8+ Kxd8 9. Nc3 Ke8 10. Ne4 Be6 11. Re1
a5 12. h3 Bd5 13. g4 Ne7 14. Kh2 b6 15. Kg3 Kd7 16. Neg5 Ng6
17. Nd4 c5 18. Nf5 h6 19. Ne3 hxg5 20. Nxd5 Kc6 21. c4 b5
22. Bxg5 bxc4 23. Nc3 Rb8 24. Rab1 f6 25. exf6 gxf6 26. Be3
Bd6+ 27. f4 Rhe8 28. Kf3 f5 29. Bd2 Rh8 30. Kg3 fxg4 31. hxg4
Rbf8 32. Re4 Rh4 33. Rf1 Rfh8 34. Re6 Rh2 35. Kf3 R8h3+
36. Ke4 Nf8 37. Rxd6+ cxd6 38. Bc1 Rd3 39. Kf5 d5 40. Re1 d4
41. Ne4 c3 42. bxc3 dxc3 43. Be3 c2 44. Bc1 Rd1 0-1

[Event "World Blitz Championship"]
[Site "Moscow RUS"]
[Date "2009.11.16"]
[EventDate "2009.11.16"]
[Round "14"]
[Result "0-1"]
[White "Boris Gelfand"]
[Black "Arkadij Naiditsch"]
[WhiteElo "2758"]
[BlackElo "2689"]
[PlyCount "107"]

1. Nf3 Nf6 2. c4 e6 3. g3 d5 4. b3 Be7 5. Bb2 O-O 6. Bg2 c5
7. O-O Nc6 8. e3 b6 9. Qe2 Ba6 10. d3 Qd7 11. Nc3 Rad8
12. Rfd1 Rfe8 13. a3 h6 14. Qc2 d4 15. exd4 Nxd4 16. Nxd4 cxd4
17. Nb1 e5 18. b4 Bb7 19. Bxb7 Qxb7 20. Nd2 Qc8 21. Re1 Qh3
22. f3 Nh7 23. Rxe5 Bxb4 24. Rxe8+ Rxe8 25. Ne4 Bc5 26. Qf2 f5
27. Nxc5 bxc5 28. Re1 Rxe1+ 29. Qxe1 Ng5 30. Qf2 f4 31. Bc1
Qf5 32. Qe2 fxg3 33. Bxg5 gxh2+ 34. Kxh2 Qxg5 35. Qe4 h5
36. Qa8+ Kh7 37. Qxa7 Qf4+ 38. Kg2 h4 39. Qxc5 Qg3+ 40. Kf1
Qxf3+ 41. Kg1 Qg4+ 42. Kh2 Qg3+ 43. Kh1 Qe1+ 44. Kg2 Qe2+
45. Kg1 Qe3+ 46. Kh2 Qf4+ 47. Kg2 Kh6 48. Qc6+ g6 49. Qf3 Qd2+
50. Qf2 Qg5+ 51. Kh3 Qe3+ 52. Kg2 h3+ 53. Kf1 Qxd3+ 54. Kg1
0-1

[Event "World Blitz Championship"]
[Site "Moscow RUS"]
[Date "2009.11.17"]
[EventDate "2009.11.16"]
[Round "15"]
[Result "0-1"]
[White "Arkadij Naiditsch"]
[Black "Magnus Carlsen"]
[WhiteElo "2689"]
[BlackElo "2801"]
[PlyCount "127"]

1. e4 e5 2. Nf3 Nc6 3. Bb5 a6 4. Bxc6 dxc6 5. O-O Ne7 6. Nxe5
Qd4 7. Qh5 g6 8. Nf3 Qxe4 9. Qa5 Bg4 10. Re1 Qd5 11. Qxd5 cxd5
12. Ne5 Be6 13. d4 Nf5 14. c3 Bg7 15. Nd2 O-O 16. Ndf3 Nd6
17. Bf4 Rac8 18. Nd3 Ne4 19. Ng5 Nxg5 20. Bxg5 b6 21. Nf4 Rce8
22. Nxe6 Rxe6 23. Bf4 Rc8 24. f3 c5 25. dxc5 bxc5 26. Rad1 a5
27. Kf2 d4 28. c4 a4 29. b3 Ra8 30. Rxe6 fxe6 31. Bd6 Bf8
32. Bxf8 Kxf8 33. Rd2 Ke7 34. Ke2 Kd6 35. Kd3 axb3 36. axb3
Ra1 37. Rb2 Rd1+ 38. Ke4 Rc1 39. Kd3 Rc3+ 40. Kd2 g5 41. Rb1
h5 42. h3 Ke5 43. Re1+ Kf5 44. g4+ hxg4 45. fxg4+ Kf6 46. Rf1+
Ke7 47. Rh1 Rxb3 48. h4 gxh4 49. Rxh4 Kd6 50. Rh5 Rg3 51. Rg5
e5 52. Rg6+ Ke7 53. Rc6 Rxg4 54. Rxc5 Ke6 55. Rc8 Rg2+ 56. Kd3
Rg3+ 57. Kd2 Rc3 58. Rc6+ Kf5 59. Rc8 Ke4 60. Ke2 Rc2+ 61. Kd1
d3 62. c5 Ke3 63. c6 e4 64. c7 0-1

[Event "World Blitz Championship"]
[Site "Moscow RUS"]
[Date "2009.11.17"]
[EventDate "2009.11.16"]
[Round "16"]
[Result "1/2-1/2"]
[White "Viswanathan Anand"]
[Black "Arkadij Naiditsch"]
[WhiteElo "2788"]
[BlackElo "2689"]
[PlyCount "41"]

1. c4 Nf6 2. Nc3 e6 3. e4 d5 4. e5 d4 5. exf6 dxc3 6. bxc3
Qxf6 7. Nf3 c5 8. d4 cxd4 9. cxd4 Bb4+ 10. Bd2 Bxd2+ 11. Qxd2
O-O 12. Bd3 Nc6 13. O-O Rd8 14. Rad1 g6 15. Be4 Nxd4 16. Nxd4
e5 17. Bd5 exd4 18. Qb2 Be6 19. Qxb7 Bxd5 20. cxd5 Qb6
21. Qxb6 1/2-1/2

[Event "World Blitz Championship"]
[Site "Moscow RUS"]
[Date "2009.11.17"]
[EventDate "2009.11.16"]
[Round "18"]
[Result "0-1"]
[White "Levon Aronian"]
[Black "Arkadij Naiditsch"]
[WhiteElo "2786"]
[BlackElo "2689"]
[PlyCount "104"]

1. d4 Nf6 2. c4 e6 3. Nf3 c5 4. d5 b5 5. dxe6 fxe6 6. cxb5 a6
7. Nbd2 axb5 8. e4 c4 9. e5 Nd5 10. Ne4 Bb4+ 11. Bd2 O-O
12. Bxb4 Nxb4 13. Nfg5 N8c6 14. h4 Nxe5 15. Rh3 Bb7 16. Nd6
Bd5 17. Qd2 Qa5 18. Kd1 Qa4+ 19. Kc1 Nxa2+ 20. Rxa2 Qxa2
21. Qc2 Nd3+ 22. Bxd3 Qa1+ 23. Kd2 cxd3 24. Kxd3 Qf1+ 25. Ke3
g6 26. h5 Qe1+ 27. Qe2 Qxe2+ 28. Kxe2 h6 29. Nf3 Bxf3+
30. gxf3 g5 31. f4 Rxf4 32. Rc3 Rd4 33. Nxb5 Rb4 34. Nd6 Rxb2+
35. Ke3 Rf8 36. Rc7 Rbxf2 37. Rxd7 g4 38. Ne4 R2f3+ 39. Ke2 g3
40. Rd1 Ra3 41. Rg1 Rb8 42. Rxg3+ Rxg3 43. Nxg3 Kf7 44. Ne4
Ra8 45. Ke3 Ra5 46. Nd6+ Kf6 47. Ne4+ Kf5 48. Nd6+ Kg4 49. Nc4
Rc5 50. Nd2 Kxh5 51. Nf3 Rc3+ 52. Kf4 Rxf3+ 0-1

[Event "World Blitz Championship"]
[Site "Moscow RUS"]
[Date "2009.11.17"]
[EventDate "2009.11.16"]
[Round "21"]
[Result "1/2-1/2"]
[White "Arkadij Naiditsch"]
[Black "Vassily Ivanchuk"]
[WhiteElo "2689"]
[BlackElo "2739"]
[PlyCount "57"]

1. e4 e5 2. Nf3 Nc6 3. Bb5 Nf6 4. O-O Bc5 5. Bxc6 dxc6 6. d3
Nd7 7. Be3 Bd6 8. Nbd2 O-O 9. Nc4 Re8 10. d4 exd4 11. Qxd4 Bc5
12. Qd2 Rxe4 13. Bxc5 Rxc4 14. Bd4 c5 15. Bc3 Re4 16. Rfe1
Rxe1+ 17. Rxe1 h6 18. Ne5 Qe7 19. Ng6 Qd6 20. Ne7+ Kh7 21. Qe2
Nf6 22. Bxf6 gxf6 23. Rd1 Bg4 24. Qxg4 Qxe7 25. Qf5+ Kg7
26. Qg4+ Kh7 27. Qf5+ Kg7 28. Qg4+ Kh7 29. Qf5+ 1/2-1/2

[Event "World Blitz Championship"]
[Site "Moscow RUS"]
[Date "2009.11.17"]
[EventDate "2009.11.16"]
[Round "23"]
[Result "1-0"]
[White "Vugar Gashimov"]
[Black "Arkadij Naiditsch"]
[WhiteElo "2758"]
[BlackElo "2689"]
[PlyCount "85"]

1. e4 e5 2. Nf3 Nc6 3. Bb5 Nf6 4. d4 exd4 5. e5 Ng4 6. O-O Be7
7. Re1 a6 8. Bxc6 dxc6 9. h3 Nh6 10. Bxh6 gxh6 11. Qxd4 Qxd4
12. Nxd4 c5 13. Nf3 Bf5 14. Re2 O-O-O 15. Nc3 b5 16. Ne4 Be6
17. Kh2 Rd5 18. a4 b4 19. Ned2 Rhd8 20. b3 Bg5 21. Ne4 Bf4+
22. g3 Bxe5 23. Rae1 Bg7 24. Nfd2 Bc3 25. Nxc3 Rxd2 26. Ne4
Rxe2 27. Rxe2 c4 28. Nc5 c3 29. Kg2 Rd2 30. Kf3 Rxe2 31. Kxe2
a5 32. Nxe6 fxe6 33. Kd3 h5 34. Kd4 c6 35. Kc5 Kc7 36. f4 h6
37. g4 hxg4 38. hxg4 Kd7 39. Kb6 Kd6 40. Kxa5 Kc5 41. g5 hxg5
42. fxg5 Kd6 43. Kxb4 1-0

[Event "World Blitz Championship"]
[Site "Moscow RUS"]
[Date "2009.11.17"]
[EventDate "2009.11.16"]
[Round "25"]
[Result "1-0"]
[White "Evgeny Bareev"]
[Black "Arkadij Naiditsch"]
[WhiteElo "2634"]
[BlackElo "2689"]
[PlyCount "93"]

1. d4 Nf6 2. c4 e6 3. Nc3 Bb4 4. e3 O-O 5. Nge2 d5 6. a3 Be7
7. cxd5 exd5 8. g3 Re8 9. Bg2 a5 10. O-O Na6 11. Bd2 c6
12. Qc2 Nc7 13. Rad1 Ne6 14. Bc1 b5 15. Rfe1 Ba6 16. b3 Rc8
17. Qb1 Qb6 18. b4 axb4 19. axb4 Ra8 20. Bd2 Bc8 21. Qb3 Ng5
22. f3 h5 23. Nf4 Ne6 24. Nxe6 Bxe6 25. Ne2 Ra4 26. Nf4 Rea8
27. Nxe6 fxe6 28. Bc3 Ra2 29. Ra1 Rxa1 30. Rxa1 Rxa1+ 31. Bxa1
Ne8 32. Bc3 Qa6 33. Bf1 Nd6 34. Bd3 Nc4 35. Kf2 h4 36. Ke2 Qa8
37. f4 Qe8 38. g4 Qa8 39. g5 Qb8 40. Qa2 Bxg5 41. Qa6 Nb6
42. fxg5 Qxh2+ 43. Kd1 Qc7 44. Bf1 Qf7 45. Ke1 Kh7 46. Kd1 g6
47. Bd3 1-0

[Event "World Blitz Championship"]
[Site "Moscow RUS"]
[Date "2009.11.18"]
[EventDate "2009.11.16"]
[Round "29"]
[Result "1/2-1/2"]
[White "Alexander Grischuk"]
[Black "Arkadij Naiditsch"]
[WhiteElo "2736"]
[BlackElo "2689"]
[PlyCount "82"]

1. Nf3 Nf6 2. c4 e6 3. Nc3 Bb4 4. Qc2 c5 5. a3 Ba5 6. g3 O-O
7. Bg2 Nc6 8. O-O d6 9. d3 h6 10. e3 e5 11. Rb1 Bf5 12. Nd2
Qd7 13. Nd5 Nxd5 14. cxd5 Ne7 15. b4 cxb4 16. axb4 Bd8 17. Bb2
Bh3 18. Qb3 Bxg2 19. Kxg2 b5 20. d4 exd4 21. Bxd4 Nf5 22. Ba1
Bb6 23. e4 Ne7 24. Nf3 Rac8 25. Nh4 Rc4 26. Qf3 Bd4 27. Bxd4
Rxd4 28. Qe3 Rc4 29. Ra1 Ra8 30. Rfb1 Qg4 31. Re1 Rxb4
32. Rxa7 Rxa7 33. Qxa7 Ng6 34. Nxg6 Qxg6 35. e5 Re4 36. Re3
Rxe5 37. Rxe5 dxe5 38. Qb8+ Kh7 39. Qxe5 b4 40. d6 b3 41. Qd4
b2 1/2-1/2

[Event "World Blitz Championship"]
[Site "Moscow RUS"]
[Date "2009.11.18"]
[EventDate "2009.11.16"]
[Round "31"]
[Result "1/2-1/2"]
[White "Vladislav Tkachiev"]
[Black "Arkadij Naiditsch"]
[WhiteElo "2642"]
[BlackElo "2689"]
[PlyCount "52"]

1. d4 Nf6 2. c4 e6 3. g3 d5 4. Bg2 dxc4 5. Qa4+ Nbd7 6. Qxc4
a6 7. Qc2 Rb8 8. Nf3 b5 9. a4 Bb7 10. axb5 axb5 11. Nc3 b4
12. Na4 Bd6 13. Bg5 O-O 14. O-O h6 15. Bxf6 Qxf6 16. Rfd1 Rfc8
17. Ne1 Bxg2 18. Kxg2 c5 19. dxc5 Bxc5 20. Nxc5 Nxc5 21. Rac1
b3 22. Qc3 Qxc3 23. Rxc3 Na4 24. Rxc8+ Rxc8 25. Ra1 Nxb2
26. Rb1 Nc4 1/2-1/2

[Event "World Blitz Championship"]
[Site "Moscow RUS"]
[Date "2009.11.18"]
[EventDate "2009.11.16"]
[Round "32"]
[Result "0-1"]
[White "Arkadij Naiditsch"]
[Black "Leinier Dominguez Perez"]
[WhiteElo "2689"]
[BlackElo "2719"]
[PlyCount "70"]

1. e4 c5 2. Nf3 d6 3. d4 cxd4 4. Nxd4 Nf6 5. Nc3 a6 6. Be3 e5
7. Nf3 Be7 8. Bc4 O-O 9. O-O Nc6 10. Qe2 Na5 11. Bd5 Bd7
12. Rfd1 Rc8 13. Rac1 h6 14. Bb3 Nxb3 15. axb3 b5 16. h3 b4
17. Nd5 Nxd5 18. Rxd5 Bc6 19. Rdd1 Qe8 20. Nd2 f5 21. exf5
Rxf5 22. Nc4 d5 23. Qg4 Qf8 24. Nb6 Rd8 25. Bxh6 Qf7 26. h4 d4
27. f3 Rd6 28. Bg5 Bxg5 29. hxg5 Rg6 30. Rd2 Rgxg5 31. Qh3 Rh5
32. Qg4 Bxf3 33. Qg3 Rfg5 34. Qe1 Qf4 35. Rf2 Qh2+ 0-1

[Event "World Blitz Championship"]
[Site "Moscow RUS"]
[Date "2009.11.18"]
[EventDate "2009.11.16"]
[Round "33"]
[Result "1-0"]
[White "Sergey Karjakin"]
[Black "Arkadij Naiditsch"]
[WhiteElo "2723"]
[BlackElo "2689"]
[PlyCount "83"]

1. e4 e5 2. Nf3 Nc6 3. Bb5 Nf6 4. d3 Bc5 5. c3 O-O 6. O-O d6
7. Nbd2 a6 8. Ba4 b5 9. Bb3 Bb6 10. a4 Bd7 11. Re1 Ne7 12. Nf1
Ng6 13. Ng3 h6 14. d4 Bg4 15. axb5 axb5 16. Rxa8 Qxa8 17. h3
Bxf3 18. Qxf3 exd4 19. Bxh6 dxc3 20. bxc3 Qa3 21. Rb1 Qc5
22. Bd2 Qe5 23. Re1 Nh4 24. Qd3 Ra8 25. Be3 Bxe3 26. Qxe3 Ng6
27. Nf5 Ra3 28. Nd4 c5 29. Qc1 b4 30. cxb4 cxb4 31. Qc4 d5
32. Qxb4 Ra8 33. exd5 Qf4 34. g3 Qh6 35. Kg2 Qh5 36. Nf3 Nxd5
37. Qb7 Ndf4+ 38. gxf4 Nxf4+ 39. Kg3 Rd8 40. Kxf4 Qh6+ 41. Kg3
Qd6+ 42. Kg2 1-0

[Event "World Blitz Championship"]
[Site "Moscow RUS"]
[Date "2009.11.18"]
[EventDate "2009.11.16"]
[Round "37"]
[Result "0-1"]
[White "Arkadij Naiditsch"]
[Black "Viswanathan Anand"]
[WhiteElo "2689"]
[BlackElo "2788"]
[PlyCount "108"]

1. e4 c5 2. Nf3 d6 3. d4 cxd4 4. Nxd4 Nf6 5. Nc3 a6 6. h3 e5
7. Nde2 h5 8. Bg5 Be6 9. Bxf6 Qxf6 10. Nd5 Qd8 11. c3 Nd7
12. h4 Bxd5 13. Qxd5 Be7 14. g3 O-O 15. Bh3 Nf6 16. Qd3 b5
17. Rd1 Qb6 18. O-O a5 19. Bg2 Rfc8 20. Bf3 b4 21. c4 g6
22. Kg2 a4 23. Ng1 Qc6 24. Rc1 Nd7 25. Rfd1 Nc5 26. Qe2 Bf8
27. Nh3 Ne6 28. Qe3 Nd4 29. Rxd4 exd4 30. Qxd4 Qc5 31. Qxc5
Rxc5 32. Nf4 Bh6 33. e5 Rd8 34. Rd1 Bxf4 35. gxf4 Rxc4
36. exd6 Rxf4 37. d7 Rxh4 38. Bc6 Rc4 39. Bxa4 Kg7 40. Re1 Rd4
41. Re8 R8xd7 42. Bxd7 Rxd7 43. Re4 Ra7 44. Rxb4 Rxa2 45. Rb8
g5 46. b4 Ra3 47. b5 Rb3 48. b6 h4 49. f3 Kf6 50. Kf2 Kf5
51. Kg2 Kf4 52. b7 f5 53. Kh2 Rb2+ 54. Kg1 Kg3 0-1